000
00283nam a2200109Ia 4500
082
_a
916,800222 SLAB
245
0
_a
Slabbert,Denise
100
_a
South Africa through the seasons
_9
26898
942
_c
BK
020
_a
9781770074361"
008
210816s9999 xx 000 0 und d
999
_c
103047
_d
103047